Sociología del desarrollo agrario (Registro nro. 5298)
[ vista simple ]
| 000 -Cabecera | |
|---|---|
| Campo de control de longitud fija | 00567aam a2200217 4500 |
| 005 - Fecha y hora de la última transacción | |
| Campo de control | 20231010141004.0 |
| 008 - Elementos de longitud fija--Información general | |
| Campo de control de longitud fija | 150508b1985 xxu||||| |||| 00| 0 spa d |
| 020 ## - International Standard Book Number | |
| Número Internacional Estándar del Libro (ISBN) | 96860343 |
| 041 ## - Idioma | |
| Código de idioma | Español |
| 082 ## - Clasificación Decimal Dewey | |
| Número de clasificación | 307.72 P974s |
| 100 ## - Entrada principal--Autor personal | |
| Nombre personal | Psarrou Yuyuco, Magdalini |
| 9 (RLIN) | 37811 |
| 245 ## - Título propiamente dicho | |
| Título | Sociología del desarrollo agrario |
| 260 ## - Pie de imprenta | |
| Lugar de publicación, distribución, etc. | México |
| 260 ## - Pie de imprenta | |
| Nombre del editor, distribuidor, etc. | Harla |
| 260 ## - Pie de imprenta | |
| Fecha de publicación, distribución, etc. | 1985 |
| 300 ## - Descripción física | |
| Extensión | 224 páginas |
| 650 ## - Materia general | |
| Temática (materia general) | SOCIOLOGÍA RURAL |
| 650 ## - Materia general | |
| Temática (materia general) | AGRICULTURA EN LA ANTIGÜEDAD |
| 650 ## - Materia general | |
| Temática (materia general) | DESARROLLO AGRÍCOLA |
| 942 ## - Punto de acceso adicional KOHA | |
| Tipo de ítem KOHA | Libro |
| Fuente del sistema de clasificación o colocación | Dewey Decimal Classification |
| Signatura completa | Código de barras | Tipo de ítem |
|---|---|---|
| 307.72 P974s | 2855 | Libro |